SPECIAL issue on the politics of naming: rebels, terrorists, criminals, bandits and subversives (Record no. 65307)

000 -LEADER
fixed length control field 00373pab a2200133 454500
008 - FIXED-LENGTH DATA ELEMENTS--GENERAL INFORMATION
fixed length control field 180718b2005 xxu||||| |||| 00| 0 eng d
245 ## - TITLE STATEMENT
Title SPECIAL issue on the politics of naming: rebels, terrorists, criminals, bandits and subversives
260 ## - PUBLICATION, DISTRIBUTION, ETC.
Date of publication, distribution, etc. 2005
300 ## - PHYSICAL DESCRIPTION
Extent p.5-213.
650 ## - SUBJECT ADDED ENTRY--TOPICAL TERM
Topical term or geographic name entry element Crime
650 ## - SUBJECT ADDED ENTRY--TOPICAL TERM
Topical term or geographic name entry element Terrorism
773 ## - HOST ITEM ENTRY
Main entry heading Third World Quarterly
909 ## -
-- 65307
Holdings
Withdrawn status Lost status Damaged status Not for loan Permanent Location Current Location Date acquired Serial Enumeration / chronology Barcode Date last seen Price effective from Koha item type
        Indian Institute of Public Administration Indian Institute of Public Administration 2018-07-19 Volume no: 26, Issue no: 1 AR65759 2018-07-19 2018-07-19 Articles

Powered by Koha